000 00726nam a2200121Ia 4500
008 220615s9999||||xx |||||||||||||| ||und||
100 _aAfonso, Alexandre
245 0 _aSocial Concertation in Times of Austerity
_bEuropean Integration and the Politics of Labour Market Governance in Austria and Switzerland
546 _aEnglish[eng]
650 _asociology||sociologie||Austria||Corporatism||European integration||Labour economics||Swiss People's Party||Switzerland||Trade union||Unemployment
856 _uhttps://library.oapen.org/bitstream/20.500.12657/33913/1/442727.pdf||https://library.oapen.org/bitstream/20.500.12657/33913/1/442727.pdf||https://library.oapen.org/bitstream/20.500.12657/33913/1/442727.pdf
942 _cEB
999 _c17864
_d17864